00379nam a2200145Ia 450000500170000000800460001703700120006304000200007504100130009508400190010810000250012724500240015226000470017630000100022320250508152809.0008 250505s9999 xx 000 0 eng d aTextual aFEDLbengcFEDL aeng2eng a376, OLLqFEDL aOllerenshaw Kathleen 0aEducation for girls aLondon, UKbFaber and Faber Limited c1961 a196p.